| 000 | 00704nam a2200217 a 4500 | ||
|---|---|---|---|
| 003 | OSt | ||
| 005 | 20130918193249.0 | ||
| 008 | 130918n ag ||||| |||| 00| 0 spa d | ||
| 040 | _cBiblioteca Medicina | ||
| 041 | _aspa | ||
| 082 | _bMINIST. DE SALUD 0376 | ||
| 110 |
_aMinisterio de Salud _92598 |
||
| 245 | 0 | 0 | _aDesarrollo Infantil. Primer año de vida. II.1 Interacciones |
| 250 | _a1º ed. | ||
| 260 |
_aBuenos Aires _bMinisterio de Salud de la Nacion _c200? |
||
| 300 | _a12 p. | ||
| 653 | _aPEDIATRIA | ||
| 653 | _aDEARROLLO INFANTIL-PRIMER AÑO | ||
| 942 |
_2ddc _cPH |
||
| 999 |
_c1638 _d1638 |
||
| 952 |
_40 _00 _bBFM _10 _oMINIST. DE SALUD 0376 _d2013-09-18 _tEj. 1 _8NFIC _70 _cCR _2ddc _yPH _aBFM |
||